00892nab a22001937a 4500003000400000005001700004008004100021040000700062100002600069245010400095260004200199300001100241500003700252505015400289505008900443650002000532650002700552773011900579OSt20260201180932.0190506c xxu||||| |||| 00| 0 spa d cPJ aAnnone, María Elisa10aMade by humans. El desafío de producir y trabajar en un mundo cambiante /cMaría Elisa Annone. aBuenos Aires :bAbeledoPerrot,c2023. ap. 3-8 aCita: TR LALEY AR/DOC/2416/2023  aSumario: I. Introducción.— II. La era del caos. De VUCA a BANI.— III. Gestionar y trabajar en un mundo cambiante.— IV. Undertake or undergo.  t¿Te interesa el texto completo? Comunicate al correo: koha@justierradelfuego.gov.ar 0aDERECHO LABORAL 0aCIENCIA Y TECNOLOGÍA0 02751dBuenos Aires : AbeledoPerrot, 2013-tRevista de derecho laboral y seguridad social. Nº 22 - Noviembre 2023